00282nam a2200097Ia 4500008004100000020001800041100001900059245006500078260002700143300001400170180116s9999 xx 000 0 und d a9781441903853 aBui, Alex A.T. cAlex A.T. Bui, Ricky K. TairaaMedical Imaging Informatics / aLondonbSpringerc2010 a446 pages